Представление документа в формате MARC21

ПолеНазваниеЗначение
  Тип записи a
  Библиографический уровень m
001 Контрольный номер RU\infra-m\znanium\bibl\2244511
005 Дата корректировки 20260429142102.9
008 Кодируемые данные 260226s2026 RU g rus u
020 Индекс ISBN __
a ISBN 978-5-7782-5387-2
040 Источник каталогиз. __
a Служба первич. каталог. Общество с ограниченной ответственностью «ЗНАНИУМ»
041 Код языка издания __
a Код языка текста rus
044 Код страны публикации __
a Код страны публикации RU
080 Индекс УДК __
a Индекс УДК 537
084 Индекс другой классификации/Индекс ББК __
2 Источник индекса rubbk
a Индекс другой классификации/Индекс ББК 223
084 Индекс другой классификации/Индекс ББК __
2 Источник индекса okso
a Индекс другой классификации/Индекс ББК 03.03.01
084 Индекс другой классификации/Индекс ББК __
2 Источник индекса okso
a Индекс другой классификации/Индекс ББК 03.05.02
100 Автор __
a Автор Мирсияпов М.Р.
q Полное имя Мирсияпов Марис Рафаэльевич
u Дополнение Новосибирский государственный технический университет
245 Заглавие __
a Заглавие Физика. Электростатика и постоянный ток. Руководство по решению задач
b Продолж. заглавия Учебное пособие
c Ответственность Новосибирский государственный технический университет
250 Сведения об издании __
a Основные сведения об издании 1
260 Выходные данные __
a Место издания Новосибирск
b Издательство Новосибирский государственный технический университет (НГТУ)
c Дата издания 2025
300 Физическое описание __
a Объем 95 с.
520 Аннотация __
a Аннотация Учебное пособие содержит теоретические сведения и основные типы задач по рассматриваемым разделам электростатики и постоянного тока. В пособии представлены основные правила решения задач приведены примеры решения задач и предложены задачи для самостоятельного решения. Пособие предназначено для студентов младших курсов технических вузов может быть использовано при подготовке к семинарским занятиям и экзаменам полезно при выполнении домашних заданий и при самостоятельном изучении курса общей физики.
521 Примеч. о цел. назн. __
a Примеч. о целев. назн. ВО - Бакалавриат
650 Тематические рубрики __
a Основная рубрика Физико-математические науки
x Основная подрубрика Общая физика
655 Указ. предметных рубрик (устаревшее) __
a Жанр/ форма (устаревшее) Учебное пособие
700 Другие авторы __
a Другие авторы Тарасенко Н.В.
q Полное имя Тарасенко Наталья Валентиновна
u Дополнение Новосибирский государственный технический университет
856 Электронный адрес документа 4_
a Имя сервера/домена znanium.ru
m Помощь ebs_support@infra-m.ru
n Местонахождение сервера НИЦ ИНФРА-М
u URL https://znanium.ru/catalog/document?id=479186
856 Электронный адрес документа 48
a Имя сервера/домена znanium.ru
d Путь /cover/2244
f Электронное имя 2244511.jpg
q Тип электронного формата image/jpeg
u URL https://znanium.ru/cover/2244/2244511.jpg
911 __
u 0030=https://znanium.ru/catalog/document?id=479186